| 000 | 00584nam a22001337a 4500 | ||
|---|---|---|---|
| 005 | 20250729125946.0 | ||
| 008 | 230110b |||||||| |||| 00| 0 eng d | ||
| 041 | _aENG. | ||
| 082 | _b VIN | ||
| 100 |
_aDR. M.S. VINSI _9106168 |
||
| 245 | _aA STUDY TO ASSESS THE EFFECTIVENESS OF PROTOCOL REGARDING SPECIFIC HEALTH SERVICES PROVIDED BY ANGANWADI WORKERS UNDER ICDS PROGRAMME IN SELECTED RURAL COMMUNITY IN CHATTISHGARH ( P.HD.) | ||
| 260 |
_aSHRADHA ASHAWAN SHRI JAGDISHPRASAD JHABARMAL TIBREWALA UNIVERSITY FOT THE DEGREE OF DOCTOR OF PHILOSOPHY IN NURSING _c2022 |
||
| 942 | _cDN | ||
| 999 |
_c83758 _d83758 |
||